Filmographie Louis de Funès à partir des années 60 - Statistiques

Statistiques générales
  • Ce quiz a été pris 121 fois
    100 depuis la dernière actualisation
  • Le résultat moyen est 23 sur 44
Statistiques - réponses
Année Film % Correct
1976 L'Aile ou la Cuisse
96%
1966 La Grande Vadrouille
91%
1964 Fantomas
85%
1965 Le Corniaud
85%
1964 Le Gendarme de Saint-Tropez
85%
1980 Le Gendarme et les Extra-terrestres
84%
1969 Hibernatus
83%
1965 Le Gendarme à New York
83%
1968 Le gendarme se marie
83%
1981 La Soupe aux choux
79%
1980 L’Avare
79%
1982 Le Gendarme et les Gendarmettes
79%
1966 Le Grand Restaurant
79%
1973 Les Aventures de Rabbi Jacob
79%
1971 La Folie des grandeurs
77%
1967 Oscar
77%
1970 Le Gendarme en balade
73%
1978 La Zizanie
72%
1968 Le Petit Baigneur
72%
1965 Fantomas se déchaîne
69%
1967 Fantomas contre Scotland Yard
67%
1967 Les Grandes Vacances
63%
1968 Le Tatoué
63%
1963 Pouic-Pouic
63%
1971 Jo
62%
1970 L'Homme orchestre
51%
1971 Sur un arbre perché
51%
1964 Faites sauter la banque !
49%
1961 La Belle Américaine
23%
1963 Carambolages
19%
1962 Le Gentleman d'Epsom
19%
1965 Les Bons Vivants
16%
1962 Nous irons à Deauville
12%
1960 Les Tortillards
11%
1963 Les Veinards
11%
1960 Candide
10%
1961 Dans l'eau qui fait des bulles
10%
1964 Des pissenlits par la racine
10%
1962 La Vendetta
9%
1961 Le Capitaine Fracasse
9%
1962 Le Diable et les Dix Commandements
9%
1960 Certains l'aiment froide
7%
1962 Le Crime ne paie pas
7%
1964 Une souris chez les hommes
7%
Aucun quiz correspondant
Distribution des résultats
% des personnes avec chaque résultat
Percentile par nombre de réponses
Votre historique - résultats
Vous n’avez pas pris ce quiz depuis la dernière actualisation